Statistics for Sydney Swans 2017 Squad - AFL

Click here to take the quiz!

General Stats

  • This quiz has been taken 83 times
  • The average score is 20 of 46

Answer Stats

NumberAnswer% Correct
23Lance Franklin
96%
12Josh Kennedy
90%
26Luke Parker
80%
5Isaac Heeney
80%
24Dane Rampe
76%
15Kieren Jack
76%
33Brandon Jack
76%
39Heath Grundy
74%
3Jarrad McVeigh
70%
41Tom Papley
70%
20Sam Reid
66%
18Callum Sinclair
66%
40Nick Smith
64%
10Zak Jones
60%
1James Rose
58%
14Callum Mills
58%
4Dan Hannebery
54%
16Gary Rohan
52%
13Oliver Florent
52%
44Jake Lloyd
48%
36Aliir Aliir
48%
8Kurt Tippett
46%
22Dean Towers
44%
7Harry Cunningham
44%
9Will Hayward
40%
2Alex Johnson
34%
35Sam Naismith
34%
28Nic Newman
34%
29George Hewett
32%
42Robbie Fox
30%
43Lewis Melican
28%
27Dan Robinson
26%
34Jordan Dawson
24%
11Jeremy Laidler
24%
6Jordan Foote
24%
17Darcy Cameron
20%
25Ben Ronke
20%
31Harry Marsh
14%
47Toby Pink
14%
38Colin O'Riordan
12%
32Michael Talia
10%
21Jack Maibaum
8%
30Tyrone Leonardis
6%
19Shaun Edwards
6%
46Sam Murray
2%
45Sam Fisher
0%

Score Distribution

Percentile by Number Answered

Percent of People with Each Score

Your Score History

You have not taken this quiz